| 000 | 00848nam a22002417a 4500 | ||
|---|---|---|---|
| 003 | KOHA_MİRAKIL | ||
| 005 | 20260420072917.0 | ||
| 008 | 260416b tu ||||| |||| 00| 0 tur d | ||
| 020 | _a9755332553 | ||
| 040 |
_aTR-AnABB _btur _cTR-AnABB |
||
| 041 | _atur | ||
| 082 |
_a956.103 _bBAY 1999 |
||
| 100 | 1 | _aBaykam, Bedri | |
| 245 | 1 | 0 |
_a68'li yıllar : _bTanıklar / _cBedri Baykam |
| 246 | _aTanıklar | ||
| 250 | _a1. baskı | ||
| 260 |
_aAnkara : _bİmge yayınevi, _c1999 |
||
| 300 |
_a340 sayfa ; _c20 cm |
||
| 505 | _aİçindekiler: Sadun Eren - Toktamış Ateş - Muhsin Batur, Halit Çelen - Raif Ertem - Cemil Gezmiş - Celil Gürkan - Rasih Nuri İleri Ahmet Güryüz Ketenci - Ergin Konuksever - İlhan Selçuk - Necdet Uğur | ||
| 650 | 0 | 4 | _aTarih, Türkiye |
| 900 | _bCan ÇELIK | ||
| 942 |
_2ddc _cBK |
||
| 999 |
_c10280 _d10280 |
||